00494nam a2200133 a 450000100100000000500170001000800410002704000250006808200160009310000380010924501460014726000460029330000210033900003650120200930075751.0120119s1960 ve 000 d spa d aDO-SdBNPbspacBNPHU axxxxbB641t1 aBlanco, Andrés Eloy,d1896-195510aTeatro :bEl cristo de las violetas 1925. El pie de la Virgen. Abigaíl 1937. Los muertos las prefieren negras 1950 /cAndrés Eloy Blanco. aVenezuela :bEditorial Cordillera,c1960. a253 p. ;c18 cm.